Nociones de prevención del delito y tratamiento de la delincuencia (Registro nro. 4806)

Detalles MARC
000 -Cabecera
Campo de control de longitud fija 00902aam a2200325 4500
005 - Fecha y hora de la última transacción
Campo de control 20260406163323.0
008 - Elementos de longitud fija--Información general
Campo de control de longitud fija 150420b2008 xxu||||| |||| 00| 0 spa d
020 ## - International Standard Book Number
Número Internacional Estándar del Libro (ISBN) 9788498492828
041 ## - Idioma
Código de idioma Español
082 ## - Clasificación Decimal Dewey
Número de clasificación 364.4 B928n
100 ## - Entrada principal--Autor personal
Nombre personal Bueno Arus, Francisco
9 (RLIN) 34158
245 ## - Título propiamente dicho
Título Nociones de prevención del delito y tratamiento de la delincuencia
260 ## - Pie de imprenta
Lugar de publicación, distribución, etc. Argentina
260 ## - Pie de imprenta
Nombre del editor, distribuidor, etc. Dykinson
260 ## - Pie de imprenta
Fecha de publicación, distribución, etc. 2008
300 ## - Descripción física
Extensión 501 páginas
490 ## - Serie
Título de la Serie Investigación Criminal
650 ## - Materia general
Temática (materia general) PREVENCIÓN DEL DELITO
650 ## - Materia general
Temática (materia general) DELINCUENCIA
650 ## - Materia general
Temática (materia general) CLASIFICACIÓN DE LA PREVENCIÓN
650 ## - Materia general
Temática (materia general) POLÍTICA SOCIAL
650 ## - Materia general
Temática (materia general) POLÍTICA CRIMINAL
650 ## - Materia general
Temática (materia general) POLÍTICA DE SEGURIDAD
650 ## - Materia general
Temática (materia general) SISTEMA PENITENCIARIO
650 ## - Materia general
Temática (materia general) PENA DE PRISIÓN
650 ## - Materia general
Temática (materia general) VICTIMOLOGÍA
650 ## - Materia general
Temática (materia general) MENORES DE EDAD
650 ## - Materia general
Temática (materia general) DERECHO CORRECCIONAL
942 ## - Punto de acceso adicional KOHA
Tipo de ítem KOHA Libro
Fuente del sistema de clasificación o colocación Dewey Decimal Classification
Existencias
Signatura completa Código de barras Programa Académico Tipo de ítem
364.4 B928n 13706 Investigación Criminal Libro